000 01675nam a22004454i 4500
001 991061740037706706
003 ES-BaIT
005 20260410123137.0
008 241107q17461774sp 000 d spa c
026 _eìo! s?s? e:e. a,a! C [entre 1746-1774] Q
_2fei
040 _aES-BaIT
_bcat
_erda
_cES-BaIT
080 _a860-2"17"
245 0 0 _aEntremes de que se passa
246 3 0 _aQue se passa
246 3 0 _aQue se pasa
264 1 _aSe hallará en Valencia :
_ben la imprenta de Agustin Laborda, vive en la Bolserìa,
_c[entre 1746-1774]
300 _a8 pàgines ;
_c8º (14 cm)
336 _atext
_btxt
_2rdacontent
337 _asense mediació
_bn
_2rdamedia
338 _avolum
_bnc
_2rdacarrier
500 _aPeu d'impremta obtingut del colofó
500 _aData d'impressió deduïda dels anys d'activitat de l'impressor
500 _a Filet tipogràfic que precedeix al títol
500 _aSignatures: []4
500 _aP4: D1, H3
533 _aReproducció digital disponible a Biblioescènic
650 0 _aEntremesos
_yS. XVIII
_9162695
700 1 _aLaborda i Campo, Agustí,
_d-aproximadament 1774
_eimpressor
_9158525
730 0 _aCol·lecció digital Biblioescènic del MAE
_969172
752 _aEspanya
_dValència
856 4 1 _zAccés lliure (Biblioescènic)
_uhttps://books.cdmae.cat/visorpdf/?recurs=SV0050-09
856 4 2 _zFitxa del catàleg manual
_uhttps://www.cdmae.cat/sedo/imgtitulos/058/P0001439.gif
902 _aFons antic
902 _aPatrimoni
908 _aCDMAE
910 1 _aLaborda i Campo, Agustí,
940 _aCDMAE
942 _2udc
_cDIGITAL
999 _c137353
_d137353